Statistics for Countries of Nazi Germany

Click here to take the quiz!

General Stats

  • This quiz has been taken 146 times
    (124 since last reset)
  • The average score is 27 of 33

Answer Stats

% Occupied Country % Correct
50France
93%
100Netherlands
93%
100Poland
92%
100Austria
91%
100Luxembourg
91%
100Denmark
91%
100Germany
91%
100Belgium
90%
100Czech Republic
90%
100Lithuania
90%
7Russia
89%
<1United Kingdom
89%
100Slovakia
88%
40Italy
88%
100Slovenia
87%
100Norway
87%
100Estonia
85%
100Greece
85%
100Hungary
85%
100Serbia
84%
100Latvia
84%
90Ukraine
83%
90Belarus
83%
100Albania
78%
100Bosnia and Herzegovina
77%
100Bulgaria
75%
100Moldova
73%
100Macedonia
73%
100Montenegro
72%
100Kosovo
68%
40Egypt
64%
40Algeria
63%
90Tunisia
54%

Score Distribution

Percentile by Number Answered

Percent of People with Each Score

Your Score History

You have not taken this quiz since the last reset